| 000 | 00000nam 2200000za 4500 |
| 001 | 9.852300 |
| 003 | CaOODSP |
| 005 | 20221107154544 |
| 007 | cr ||||||||||| |
| 008 | 180223s1988 onc #ob f000 0 eng d |
| 040 | |aCaOODSP|beng |
| 043 | |an-cn-ab |
| 086 | 1 |aR32-425/1988E-PDF |
| 100 | 1 |aMartin, Fred. |
| 245 | 10|aFederal and provincial responsibility in the Métis settlements of Alberta |h[electronic resource] / |cFred V. Martin. |
| 260 | |a[Ottawa?] : |bAckroyd & Co. : |bClaims and Historical Research Centre, |c1988. |
| 300 | |a47 p. |
| 500 | |a"September, 1988." |
| 500 | |aDigitized edition from print [produced by Indigenous and Northern Affairs Canada]. |
| 504 | |aIncludes bibliographical references. |
| 520 | |a"1988 marks a fiftieth anniversary for the Metis settlements in Alberta. By virtue of legislation passed in 1938 Alberta has 5 geographical areas almost equal to Prince Edward Island in total size that are occupied by associations of Metis collectively exercising rights of land ownership and self-government. The geographical blocks are divided into eight "Metis Settlement Areas", each set aside for a "Metis Settlement Association" created under the Metis Betterment Act of Alberta. The settlements are home to about 5000 Metis"--Introduction, p. [1]. |
| 692 | 07|2gccst|aMétis |
| 692 | 07|2gccst|aFederal provincial agreements |
| 692 | 07|2gccst|aCanadian history |
| 710 | 2 |aAckroyd & Co. |
| 710 | 2 |aTreaties and Historical Research Centre (Canada) |
| 710 | 1 |aCanada. |bIndian and Northern Affairs Canada. |
| 856 | 40|qPDF|s2.63 MB|uhttps://publications.gc.ca/collections/collection_2018/aanc-inac/R32-425-1988-eng.pdf |